000 01031naa a22002297i 4500
001 232805
003 ES-MaBCM
005 20260406123958.0
008 260406s2026 sp ||||| |||| 00| 0 spa d
040 _cES-MaBCM
100 1 _aCairós Barreto, Dulce María
_97425
245 1 3 _aLa construcción del derecho humano a un medio ambiente limpio, saludable y sostenible en la jurisprudencia del Tribunal Europeo de Derechos Humanos y de la Corte Interamericana de Derechos Humanos
_cDulce María Cairós Barreto
504 _aIncluye referencias bibliográficas
610 2 7 _aTribunal Europeo de Derechos Humanos
_952880
610 2 7 _aCorte Interamericana de Derechos Humanos
_951099
650 7 _aDerechos humanos
_958362
650 7 _aCalidad de la vida
_957797
650 7 _aProtección del medio ambiente
_959954
655 4 _aJurisprudencia
_9115565
773 0 _dLas Rozas, Madrid
_gN. 134 (marzo 2026) - Loc. En línea
_tTrabajo y Derecho : nueva revista de actualidad y relaciones laborales
_w198687
942 _2udc
_cAREV
999 _c232805
_d232805